| 000 | 00730nam a22002417a 4500 | ||
|---|---|---|---|
| 999 |
_c33363 _d33363 |
||
| 001 | 2545 | ||
| 003 | CO-MdFUSB | ||
| 005 | 20171116093320.0 | ||
| 008 | 171116t1964 xxu||||| |||| 00| 0 eng d | ||
| 040 |
_aCO-MdFUSB _bspa _cCO-MdFUSB _dCO-MdFUSBC _erda |
||
| 041 | 0 | _aeng | |
| 082 | 0 | 4 | _aG 225.82 K746t |
| 100 | 1 |
_aKnudsen, Ralph E. (Edward) (1897-) _eautor |
|
| 245 | 1 | 0 |
_aTheology in the New Testament _b: A basic for christian faith _c / Ralph E. Knudsen |
| 264 | 4 |
_aChicago, USA : _b Judson, _c©1964 |
|
| 300 | _a442 Pag | ||
| 336 |
_2rdacontent _atexto _btxt |
||
| 337 |
_2rdamedia _asin mediación _bn |
||
| 338 |
_2rdacarrier _avolumen _bnc |
||
| 650 | 0 |
_aBien y mal _9936 |
|
| 653 | _aTeología bíblica N.T. | ||
| 942 | _cBK | ||